Culture Générale - Clic Quiz - La réponse est en emoji par IA #19 - Statistiques

Statistiques générales
  • Ce quiz a été pris 201 fois
  • Le résultat moyen est 22 sur 40
Statistiques - réponses
Hint Réponse % Correct
Poseidon
92%
Coluche
86%
Gaël Monfils
82%
Rocky Balboa
78%
Guillaume Canet
76%
Jack Torrance (Jack Nicholson)
75%
Frodon
75%
Legolas
73%
Gandalf
73%
Apollo Creed
69%
Vishnou
69%
Bob Sinclar
66%
Christian Clavier
66%
Lionel Jospin
66%
Mister T.
63%
Saroumane
63%
Tom Hardy
63%
Gimli
60%
Xavi
60%
Bilbon
59%
Kaká
57%
Aragorn
56%
Phil Collins (Genesis)
55%
André Rieu
54%
Pavel Nedvěd
54%
Syd Barrett (Pink Floyd)
50%
Martin Garrix
48%
Ralph Fiennes
47%
Michel Onfray
39%
Alexeï Navalny
38%
Tom Jones
34%
Franz Schubert
34%
Damon Albarn (Blur, Gorillaz)
33%
Ralph Lauren
31%
Dean Martin
31%
Macky Sall
24%
David Caruso
24%
Gregory Peck
21%
Francois Legault
19%
Tom Araya (Slayer)
19%
Aucun quiz correspondant
Distribution des résultats
% des personnes avec chaque résultat
Percentile par nombre de réponses
Votre historique - résultats
Vous n’avez pas pris ce quiz